La civilización griega
Сохранить в:
| Главный автор: | |
|---|---|
| Формат: | |
| Язык: | испанский |
| Опубликовано: |
Barcelona
Gustavo Gili
1924
|
| Серии: | Civilizaciones Antiguas, 2
|
| Предметы: | |
| Метки: |
Добавить метку
Нет меток, Требуется 1-ая метка записи!
|
MARC
| LEADER | 00000nam a2200000 a 4500 | ||
|---|---|---|---|
| 001 | UCP9695 | ||
| 003 | CL-VaPUC | ||
| 008 | 000331e19240000SP |||||||||||||||||spa|d | ||
| 082 | 0 | 4 | |a 938 |b LAM |2 21 |
| 100 | |a Lamer, Hans |e author |9 440443 | ||
| 245 | 1 | 3 | |a La civilización griega |
| 300 | |a 189 p | ||
| 942 | |c BK | ||
| 945 | |d 20000331 00:00:00 |a rherrera | ||
| 260 | |a Barcelona |b Gustavo Gili |c 1924 | ||
| 650 | 0 | |a Historia antigua |9 267521 | |
| 650 | 7 | |a CIVILIZACION MICENICA |2 CL-VaPUC |9 389589 | |
| 650 | 7 | |a CIVILIZACION CRETENSE |2 CL-VaPUC |9 438966 | |
| 650 | 7 | |a GRECIA CLASICA |2 CL-VaPUC |9 433640 | |
| 650 | 0 | |a Helenismo |9 267485 | |
| 650 | 0 | |a Arte griego |9 267884 | |
| 650 | 0 | |a Arquitectura griega |9 314421 | |
| 650 | 0 | |a Religión griega |9 440084 | |
| 650 | 0 | |a Vida privada |9 393532 | |
| 650 | 0 | |a Comercio |9 255341 | |
| 651 | 0 | |a Grecia |9 265314 | |
| 583 | |a last modification |c 20000331 00:00:00 |k Rodrigo Vera | ||
| 490 | 0 | |a Civilizaciones Antiguas, 2 | |
| 999 | |c 286483 |d 286481 | ||
| 952 | |0 0 |1 0 |4 0 |6 938_000000000000000_LAM_1924 |7 0 |8 X |9 332445 |a BIBHIS |b BIBHIS |d 2019-11-20 |i 1260693 |o 938 LAM 1924 |p 1260693 |r 2024-01-30 |w 2019-11-20 |y BK_X |k HIS | ||